Záblesková metóda merania teplotnej vodivosti : Habil.práca /

Guardado en:
Detalles Bibliográficos
Autor principal: Gembarovič, Jozef (Autor)
Formato: Manuscrito Libro
Publicado: Nitra : Vysoká škola pedagogická, 1993
Materias:
Etiquetas: Agregar Etiqueta
Sin Etiquetas, Sea el primero en etiquetar este registro!

MARC

LEADER 00000ntm a22000003a 4500
001 stu5072
005 20150617225810.6
008 ------s1993----------------------------d
040 |a STU  |b slo 
041 0
100 1 |a Gembarovič, Jozef  |4 aut 
245 1 |a Záblesková metóda merania teplotnej vodivosti :  |b Habil.práca /  |c [aut.] Gembarovič,Jozef, RNDr.,CSc 
260 |a Nitra :  |b Vysoká škola pedagogická,  |c 1993 
300 |a 65 s 
650 7 |a vedenie tepla  |2 stusub 
996 |b 284ED00896  |c E*HABIL-121  |l EE01  |s A  |a 24  |w stu5072_0001